| 000 | 00450nam a2200181Ia 4500 | ||
|---|---|---|---|
| 003 | GCL | ||
| 008 | 140319s9999 xx 000 0 eng d | ||
| 040 |
_aGCL / _cGCL |
||
| 082 | 0 | 4 |
_a941.062 _bA C |
| 100 | 1 | _aANDERSON, ANGELA | |
| 245 | 1 | 0 |
_aTHE CIVIL WARS 1640-9 / _cANDERSON, ANGELA |
| 260 |
_a[S.N] : _bHODDER AND STOUGHTON ، _c1995 |
||
| 300 | _a160 P | ||
| 650 | 0 | 4 | _aCIVIL WAR |
| 650 | 0 | 4 | _aHISTORY |
| 650 | 0 | 4 | _aBRITISH |
| 942 |
_2ddc _cBK |
||
| 999 |
_c24837 _d24837 |
||